[Event "BIH-ch-T"]
[Site "Sarajevo"]
[Date "2013.06.22"]
[Round "8.3"]
[White "Jovovic, Milan"]
[Black "Terzic, Ilijas"]
[Result "1-0"]
[WhiteElo "1879"]
[BlackElo "2213"]
[PlyCount "49"]
[EventDate "2013.06.15"]

1. d4 Nf6 2. Nf3 e6 3. Bg5 h6 4. Bh4 b6 5. e3 Bb7 6. Bd3 Be7 7. O-O d6 8. c4 c5
9. Nc3 a6 10. Qe2 Nbd7 11. Rfd1 O-O 12. Rac1 cxd4 13. Nxd4 Rc8 14. b3 Re8 15.
Bb1 Qc7 16. f3 Qb8 17. Qd2 Red8 18. g4 Ba8 19. Bg3 Ne5 20. Rf1 Nc6 21. h4 Nxd4
22. exd4 b5 23. Qd3 bxc4 24. bxc4 g6 25. h5 1-0

[Event "BIH-ch-T"]
[Site "Sarajevo"]
[Date "2013.06.22"]
[Round "8.4"]
[White "Nestorovic, Nikola"]
[Black "Brkic, Ante"]
[Result "1/2-1/2"]
[WhiteElo "2405"]
[BlackElo "2584"]
[PlyCount "145"]
[EventDate "2013.06.15"]

1. e4 e5 2. Nf3 Nc6 3. Bb5 a6 4. Ba4 Nf6 5. O-O Be7 6. d3 b5 7. Bb3 d6 8. a3
O-O 9. Nc3 Bb7 10. Re1 Qd7 11. Ne2 Nd8 12. Ng3 Ne6 13. c3 c5 14. Bc2 Rfe8 15.
h3 Bf8 16. d4 cxd4 17. cxd4 exd4 18. Nxd4 Nxd4 19. Qxd4 Qc7 20. Bg5 Qxc2 21.
Bxf6 gxf6 22. Rac1 Qa4 23. b4 Qb3 24. Nh5 Rec8 25. Nxf6+ Kh8 26. Nh5+ Kg8 27.
Rxc8 Rxc8 28. Re3 Rc4 29. Qa1 Qxe3 30. fxe3 h6 31. Qf1 Bxe4 32. Nf6+ Kg7 33.
Nxe4 Rxe4 34. Qd3 d5 35. Qxd5 Re6 36. Kf2 Be7 37. g3 Bg5 38. e4 Bf6 39. h4 Re5
40. Qd3 Re6 41. Kg2 Be5 42. Qd5 Bf6 43. Kh3 Re5 44. Qd3 Re6 45. Kg4 Be5 46. Kh3
Bf6 47. Qd5 Re5 48. Qb7 Re6 49. g4 Rd6 50. Kg3 Re6 51. Qc8 Be5+ 52. Kh3 Bf6 53.
Qc2 Re5 54. Qe2 Re6 55. Qe3 Re5 56. Qf4 Re6 57. g5 hxg5 58. hxg5 Be7 59. Kg4
Rg6 60. e5 Bxg5 61. Qxg5 Rxg5+ 62. Kxg5 Kf8 63. Kf6 Ke8 64. e6 fxe6 65. Kxe6
Kd8 66. Kd6 a5 67. bxa5 Kc8 68. Kc6 Kb8 69. Kb6 Ka8 70. a6 Kb8 71. a7+ Ka8 72.
Ka6 b4 73. axb4 1/2-1/2

[Event "BIH-ch-T"]
[Site "Sarajevo"]
[Date "2013.06.22"]
[Round "8.4"]
[White "Dizdarevic, Emir"]
[Black "Burovic, Ismet"]
[Result "1/2-1/2"]
[WhiteElo "2515"]
[BlackElo "2351"]
[PlyCount "57"]
[EventDate "2013.06.15"]

1. Nf3 g6 2. g3 Bg7 3. d4 d6 4. Bg2 e5 5. dxe5 dxe5 6. Qxd8+ Kxd8 7. O-O c6 8.
a4 Kc7 9. a5 Bg4 10. h3 Bf5 11. Na3 f6 12. Nd2 Na6 13. c3 Bh6 14. b4 Rd8 15.
Nb3 Bxc1 16. Rfxc1 Be6 17. Rab1 Bxb3 18. Rxb3 Rd2 19. Nc4 Rd7 20. b5 Nc5 21.
Rb4 Ne7 22. bxc6 bxc6 23. Ne3 Na6 24. Rc4 Rb8 25. Rh4 Ng8 26. Rc4 Ne7 27. Rh4
Ng8 28. Rc4 Ne7 29. h4 1/2-1/2

[Event "BIH-ch-T"]
[Site "Sarajevo"]
[Date "2013.06.22"]
[Round "8.4"]
[White "Mrndjic, Muamer"]
[Black "Kurajica, Bojan"]
[Result "1/2-1/2"]
[WhiteElo "2279"]
[BlackElo "2513"]
[PlyCount "120"]
[EventDate "2013.06.15"]

1. e4 c5 2. Nf3 a6 3. c4 d6 4. h3 e5 5. Nc3 Nc6 6. d3 f5 7. exf5 Bxf5 8. Be2
Be7 9. O-O Nf6 10. Ng5 O-O 11. f4 Nd4 12. Be3 exf4 13. Bxf4 Nh5 14. Bxh5 Bxg5
15. Qd2 Bxf4 16. Rxf4 Qg5 17. Bg4 Ne6 18. Rf2 Qxd2 19. Rxd2 Bxg4 20. hxg4 Rf4
21. Re1 Ng5 22. Rde2 Rxg4 23. Re8+ Rxe8 24. Rxe8+ Kf7 25. Rb8 Nh3+ 26. Kh2 Nf4
27. Rxb7+ Ke6 28. g3 Nxd3 29. b3 Rg6 30. Ra7 Ke5 31. Rxa6 h5 32. Ra8 Kd4 33.
Nb5+ Ke4 34. Rd8 Rf6 35. Nxd6+ Ke3 36. Re8+ Kf3 37. Ne4 Ra6 38. Nc3 g5 39. a4
h4 40. gxh4 Rh6 41. Rf8+ Nf4 42. Nd5 Rxh4+ 43. Kg1 Rh7 44. Rf5 Rb7 45. Nxf4
gxf4 46. Rh5 Kg3 47. Rg5+ Kf3 48. Rh5 Ke4 49. Rxc5 Rxb3 50. Kf2 Rb2+ 51. Ke1
Ra2 52. a5 Ke3 53. Re5+ Kf3 54. Rb5 Ke3 55. Re5+ Kd4 56. Rf5 Kxc4 57. Rxf4+ Kb5
58. Rf5+ Ka6 59. Kd1 Rxa5 60. Rxa5+ Kxa5 1/2-1/2

[Event "BIH-ch-T"]
[Site "Sarajevo"]
[Date "2013.06.22"]
[Round "8.4"]
[White "Bogut, Zeljko"]
[Black "Bandic, Adnan"]
[Result "1-0"]
[WhiteElo "2437"]
[BlackElo "2243"]
[PlyCount "79"]
[EventDate "2013.06.15"]

1. d4 d5 2. c4 c6 3. Nf3 e6 4. g3 Nd7 5. Bg2 f5 6. O-O Ngf6 7. b3 Ne4 8. Ba3
Bxa3 9. Nxa3 O-O 10. Nc2 Qe8 11. Nce1 Qh5 12. Nd3 Rf6 13. Nf4 Qe8 14. e3 g5 15.
Nd3 Rh6 16. Nfe5 Ndf6 17. Qe2 Nc3 18. Qc2 Qh5 19. h3 Nce4 20. Qd1 Qe8 21. Qe1
Nh5 22. g4 Ng7 23. f3 Nd6 24. c5 Nf7 25. Nxf7 Qxf7 26. Ne5 Qe7 27. f4 gxf4 28.
exf4 Rf6 29. g5 Rf8 30. h4 Bd7 31. Bf3 Ne8 32. h5 Nc7 33. Kf2 b6 34. Rc1 Rfc8
35. Rh1 Rab8 36. h6 Be8 37. g6 hxg6 38. h7+ Kh8 39. Nf7+ Qxf7 40. Qe5+ 1-0

[Event "BIH-ch-T"]
[Site "Sarajevo"]
[Date "2013.06.22"]
[Round "8.4"]
[White "Hadzovic, Amir"]
[Black "Dimitrijevic, Aleksandra"]
[Result "1/2-1/2"]
[WhiteElo "2212"]
[BlackElo "2262"]
[PlyCount "138"]
[EventDate "2013.06.15"]

1. e4 c5 2. Nc3 Nc6 3. f4 e6 4. Nf3 d5 5. Bb5 Nf6 6. Ne5 Qc7 7. Qf3 d4 8. Ne2
Bd7 9. Nxd7 Nxd7 10. Bxc6 Qxc6 11. d3 f5 12. O-O Nf6 13. Ng3 g6 14. Re1 O-O-O
15. Bd2 h5 16. c4 h4 17. Nh1 h3 18. g3 Rh5 19. Nf2 Bh6 20. b4 cxb4 21. Bxb4 Rd7
22. Qh1 Qa4 23. Rab1 g5 24. exf5 exf5 25. Be7 Bg7 26. Bxf6 Bxf6 27. Re8+ Bd8
28. fxg5 Qxa2 29. Rbe1 Qd2 30. Qf3 Qxg5 31. c5 Rh6 32. R8e5 Rf6 33. Nxh3 Qd2
34. Nf4 Rh6 35. R1e2 Qc1+ 36. Kg2 a5 37. h3 a4 38. Rd5 Rhh7 39. Rxf5 Rhe7 40.
Rfe5 Rxe5 41. Rxe5 a3 42. Re2 Qxc5 43. Qf2 Kb8 44. Ne6 Qd5+ 45. Qf3 Be7 46. h4
b5 47. h5 b4 48. h6 Qxf3+ 49. Kxf3 b3 50. h7 Bf6 51. Nc5 Rb7 52. Re6 Rxh7 53.
Nxb3 Bh8 54. Rb6+ Rb7 55. Rxb7+ Kxb7 56. Ke2 Kc6 57. Kd2 Be5 58. g4 Bf4+ 59.
Kc2 Be3 60. Na1 Kd5 61. Kb3 Bc1 62. Nc2 Ke5 63. Nxa3 Kf4 64. Nb5 Be3 65. Kc4
Kxg4 66. Nxd4 Kg5 67. Kd5 Kf6 68. Ke4 Bf2 69. Nf5 Bg1 1/2-1/2

[Event "BIH-ch-T"]
[Site "Sarajevo"]
[Date "2013.06.22"]
[Round "8.5"]
[White "Sedlak, Nikola"]
[Black "Savic, Miodrag R"]
[Result "1-0"]
[WhiteElo "2571"]
[BlackElo "2529"]
[PlyCount "83"]
[EventDate "2013.06.15"]

1. e4 d5 2. exd5 Qxd5 3. Nf3 c6 4. Be2 Nf6 5. O-O Bg4 6. d4 e6 7. c4 Qd6 8. Nc3
Nbd7 9. Be3 Be7 10. h3 Bh5 11. Qd2 Qc7 12. Rac1 Rd8 13. d5 O-O 14. Nd4 Nb6 15.
Bxh5 Nxh5 16. dxe6 fxe6 17. Qe2 Qe5 18. Nf3 Rxf3 19. Qxf3 Bd6 20. g3 Nxc4 21.
Rfe1 Rf8 22. Qe4 Nxb2 23. Bd4 Qf5 24. Qxe6+ Qxe6 25. Rxe6 Rd8 26. Ne2 Na4 27.
Bxa7 Nf6 28. Bd4 Kf7 29. Bxf6 gxf6 30. Re4 Ra8 31. Rd4 Ba3 32. Rd7+ Ke6 33.
Rcd1 b5 34. Nf4+ Kf5 35. Rxh7 Ke4 36. Rhd7 Bc5 37. Re1+ Kf5 38. Kg2 Bb4 39. Re3
Bc5 40. Re6 Nb6 41. Rh7 Rxa2 42. Rh5# 1-0

[Event "BIH-ch-T"]
[Site "Sarajevo"]
[Date "2013.06.22"]
[Round "8.5"]
[White "Jakovljevic, Vlado"]
[Black "Djukic, Boris"]
[Result "1-0"]
[WhiteElo "2440"]
[BlackElo "2280"]
[PlyCount "57"]
[EventDate "2013.06.15"]

1. Nf3 Nf6 2. c4 e6 3. g3 b6 4. Bg2 Bb7 5. O-O d5 6. Ne5 c6 7. d4 Be7 8. Nc3
O-O 9. e4 dxc4 10. Nxc4 Ba6 11. b3 b5 12. Ne3 b4 13. Ne2 Nbd7 14. Bb2 Nb6 15.
Qc2 Rc8 16. Rfd1 Nfd7 17. Nf4 Qe8 18. Nc4 Nxc4 19. bxc4 c5 20. d5 e5 21. Nd3
Nb6 22. Nxe5 Bf6 23. Nd3 Nxc4 24. Bxf6 gxf6 25. Nf4 Ne5 26. Qd2 f5 27. d6 Bb5
28. Nd5 Kh8 29. Nf6 1-0

[Event "BIH-ch-T"]
[Site "Sarajevo"]
[Date "2013.06.22"]
[Round "8.5"]
[White "Bulajic, Ratko"]
[Black "Goric, Esad"]
[Result "1/2-1/2"]
[WhiteElo "2307"]
[BlackElo "2321"]
[PlyCount "23"]
[EventDate "2013.06.15"]

1. d4 Nf6 2. Nf3 d6 3. g3 Nbd7 4. c4 e5 5. Nc3 Be7 6. Bg2 O-O 7. O-O c6 8. e4
Re8 9. h3 Qc7 10. Be3 Nf8 11. Qc2 Ng6 12. Rfd1 1/2-1/2

[Event "BIH-ch-T"]
[Site "Sarajevo"]
[Date "2013.06.22"]
[Round "8.5"]
[White "Stojanovic, Dobrisav"]
[Black "Jefic, Srdjan"]
[Result "1/2-1/2"]
[WhiteElo "2361"]
[BlackElo "2166"]
[PlyCount "85"]
[EventDate "2013.06.15"]

1. d4 d5 2. c4 c6 3. Nf3 Nf6 4. Qb3 Qb6 5. c5 Qxb3 6. axb3 Bf5 7. Nc3 Nbd7 8.
b4 a6 9. Bf4 Nh5 10. Bc1 g6 11. b5 cxb5 12. Nxb5 Rc8 13. Nc3 Nhf6 14. e3 Bg7
15. Nh4 Be6 16. Bd3 O-O 17. O-O Ne8 18. Bd2 f6 19. b4 Bf7 20. b5 axb5 21. Bxb5
Nb8 22. Ra7 e5 23. Rxb7 Nc7 24. Ba4 Rfd8 25. Rfb1 exd4 26. exd4 Ne6 27. Nf3 Nc6
28. Bxc6 Rxc6 29. Rb8 Bf8 30. Rxd8 Nxd8 31. Rb8 Be7 32. h4 Kg7 33. Na2 Be6 34.
Nb4 Rc7 35. Bf4 Rb7 36. Ne1 Kf7 37. Nec2 h6 38. Ne3 g5 39. Rxb7 Nxb7 40. Bc7
Nxc5 41. Nbxd5 Nb3 42. Nxe7 Kxe7 43. d5 1/2-1/2

[Event "BIH-ch-T"]
[Site "Sarajevo"]
[Date "2013.06.22"]
[Round "8.5"]
[White "Sekulic, Vlatko"]
[Black "Narancic, Vlado"]
[Result "1-0"]
[WhiteElo "2295"]
[BlackElo "2329"]
[PlyCount "67"]
[EventDate "2013.06.15"]

1. e4 d6 2. d4 Nd7 3. Nc3 c6 4. Be3 Ngf6 5. a4 e5 6. f3 g6 7. Nge2 Bg7 8. g4 h5
9. g5 Nh7 10. Qd2 O-O 11. Bg2 Re8 12. d5 Qc7 13. Rd1 Bf8 14. O-O a6 15. Rf2 Be7
16. f4 exf4 17. Bxf4 c5 18. e5 dxe5 19. Be3 Qd8 20. d6 Bxg5 21. Nd5 Rb8 22.
Bxg5 Qxg5 23. Qxg5 Nxg5 24. Ne7+ Kg7 25. h4 Nh7 26. Bh3 Nhf8 27. Nc3 b5 28.
axb5 axb5 29. Rdf1 f5 30. Bxf5 gxf5 31. Rxf5 Rb6 32. Rg5+ Kh8 33. Rg8+ Kh7 34.
Rf7+ 1-0

[Event "BIH-ch-T"]
[Site "Sarajevo"]
[Date "2013.06.23"]
[Round "9.1"]
[White "Savic, Miodrag R"]
[Black "Tadic, Branko"]
[Result "1-0"]
[WhiteElo "2529"]
[BlackElo "2513"]
[PlyCount "65"]
[EventDate "2013.06.15"]

1. e4 c5 2. c3 d5 3. exd5 Qxd5 4. Nf3 Nc6 5. Na3 Bg4 6. Be2 e5 7. Qa4 Bd7 8.
Qb3 Qxb3 9. axb3 f6 10. O-O Na5 11. Bd1 O-O-O 12. d4 Be6 13. Nb5 Nxb3 14. Nxa7+
Kc7 15. Bxb3 Bxb3 16. dxe5 Bc4 17. Re1 Ba6 18. Be3 Rd5 19. b4 cxb4 20. cxb4
Bxb4 21. Rac1+ Kd7 22. e6+ Ke8 23. Rc8+ Rd8 24. Rxd8+ Kxd8 25. Bb6+ Ke7 26.
Nc8+ Ke8 27. Rd1 Be7 28. Rd7 Bc4 29. Rxe7+ Nxe7 30. Nd6+ Kf8 31. Nxc4 Nd5 32.
Bc5+ Ke8 33. Nd6+ 1-0

[Event "BIH-ch-T"]
[Site "Sarajevo"]
[Date "2013.06.23"]
[Round "9.1"]
[White "Miljkovic, Miroslav D"]
[Black "Tomic, Bosko"]
[Result "1/2-1/2"]
[WhiteElo "2462"]
[BlackElo "2430"]
[PlyCount "46"]
[EventDate "2013.06.15"]

1. d4 Nf6 2. c4 g6 3. Nc3 Bg7 4. e4 d6 5. f4 O-O 6. Nf3 c5 7. d5 e6 8. Be2 exd5
9. cxd5 Bg4 10. O-O Bxf3 11. Bxf3 Nbd7 12. Be3 Ne8 13. Qc2 Rb8 14. g4 b5 15.
Ne2 Qa5 16. Ng3 Nb6 17. Qg2 Nc4 18. Bc1 Bd4+ 19. Kh1 Ne3 20. Bxe3 Bxe3 21. Be2
Bd4 22. Bf3 Be3 23. Be2 Bd4 1/2-1/2

[Event "BIH-ch-T"]
[Site "Sarajevo"]
[Date "2013.06.23"]
[Round "9.1"]
[White "Djukic, Boris"]
[Black "Trkulja, Goran"]
[Result "0-1"]
[WhiteElo "2280"]
[BlackElo "2390"]
[PlyCount "128"]
[EventDate "2013.06.15"]

1. d4 c5 2. c3 d5 3. Nf3 Nc6 4. g3 Bf5 5. Bg2 e6 6. O-O h6 7. dxc5 Bxc5 8. Nd4
Bg6 9. Nxc6 bxc6 10. Qa4 Qd7 11. e4 Nf6 12. e5 Ng8 13. Nd2 Ne7 14. Nb3 Bb6 15.
Be3 Bxe3 16. fxe3 Qc7 17. Qf4 Rb8 18. Rf2 O-O 19. e4 dxe4 20. Bxe4 Bxe4 21.
Qxe4 Rb5 22. Rd1 Rxe5 23. Qa4 Rd5 24. Rdf1 Rf5 25. Nd4 Rxf2 26. Rxf2 e5 27. Nb3
Rd8 28. Nc5 Nd5 29. Rd2 Ne3 30. Rd3 Rxd3 31. Nxd3 f5 32. Qb3+ Nd5 33. c4 Nf6
34. Qc3 e4 35. Nf4 Qd6 36. h3 g5 37. Ne2 c5 38. a3 a5 39. Qe3 a4 40. Kf2 Kf7
41. Ke1 Kg6 42. Kf2 Nd7 43. Ke1 Nf6 44. Kf2 Qb6 45. Qc3 Qb8 46. Qd2 Qb3 47. Qc3
Qd1 48. Qc1 Qxc1 49. Nxc1 f4 50. b3 axb3 51. Nxb3 Nd7 52. a4 Kf5 53. a5 e3+ 54.
Kf1 fxg3 55. a6 Kf4 56. a7 Nb6 57. Nxc5 Kf3 58. Nd3 e2+ 59. Kg1 h5 60. c5 Na8
61. Ne1+ Ke4 62. Kg2 h4 63. Nf3 Ke3 64. c6 Nc7 0-1

[Event "BIH-ch-T"]
[Site "Sarajevo"]
[Date "2013.06.23"]
[Round "9.1"]
[White "Sutkovic, Damir"]
[Black "Bulajic, Ratko"]
[Result "1-0"]
[WhiteElo "2331"]
[BlackElo "2307"]
[PlyCount "69"]
[EventDate "2013.06.15"]

1. d4 d6 2. c4 g6 3. Nc3 Bg7 4. e4 e5 5. d5 Ne7 6. h4 h6 7. g4 f5 8. gxf5 gxf5
9. Qh5+ Kf8 10. Bh3 Qe8 11. Qf3 f4 12. Nge2 Bxh3 13. Rxh3 Kg8 14. Nb5 Qd7 15.
Bxf4 c6 16. Nbc3 exf4 17. Nxf4 Na6 18. Ne6 Rh7 19. Rg3 Nc7 20. Qf6 Nxe6 21.
dxe6 Qe8 22. e5 dxe5 23. O-O-O Qf8 24. Ne4 Kh8 25. Qxf8+ Bxf8 26. Rd7 Rg7 27.
Rxb7 Nf5 28. Rgxg7 Bxg7 29. h5 Re8 30. Rf7 Nd4 31. e7 Kg8 32. Nd6 Bh8 33. Rh7
Nf5 34. Nxe8 Kxh7 35. Nf6+ 1-0

[Event "BIH-ch-T"]
[Site "Sarajevo"]
[Date "2013.06.23"]
[Round "9.1"]
[White "Jefic, Srdjan"]
[Black "Muratovic, Enver"]
[Result "1-0"]
[WhiteElo "2166"]
[BlackElo "2289"]
[PlyCount "127"]
[EventDate "2013.06.15"]

1. e4 e6 2. d4 d5 3. Nc3 Nf6 4. Bg5 Be7 5. e5 Nfd7 6. Bxe7 Qxe7 7. f4 a6 8. Nf3
c5 9. Qd2 Nc6 10. O-O-O b5 11. g4 Nb6 12. dxc5 Qxc5 13. Nd4 Nxd4 14. Qxd4 Qxd4
15. Rxd4 Bd7 16. Bg2 Rc8 17. Rf1 O-O 18. Rf2 Rc7 19. Bf1 Rfc8 20. Bd3 Nc4 21.
Bxc4 Rxc4 22. Rxc4 Rxc4 23. Kd2 Rd4+ 24. Ke3 Rb4 25. b3 g5 26. a3 Rxf4 27. Rxf4
gxf4+ 28. Kxf4 Kg7 29. b4 f6 30. Ne2 h6 31. Ng3 Be8 32. Ne2 Kg6 33. h4 Kf7 34.
Nd4 Ke7 35. Nb3 Bd7 36. Nc5 Bc8 37. c3 Kf7 38. Nd3 Ke7 39. exf6+ Kxf6 40. Ne5
Ke7 41. g5 hxg5+ 42. Kxg5 Bb7 43. h5 d4 44. cxd4 Be4 45. h6 Bh7 46. Ng4 Kf7 47.
Nf6 Bc2 48. Nd7 Ke7 49. Nc5 Kf7 50. Nxa6 Bb3 51. Nc5 Bc2 52. Nd7 Bh7 53. Ne5+
Ke7 54. Kf4 Kf6 55. Nf3 Bc2 56. Ng5 Bd3 57. h7 Kg7 58. Ke5 Bc4 59. Kd6 Bb3 60.
Ke7 Bc4 61. Nxe6+ Kxh7 62. Nf4 Kh6 63. d5 Kg5 64. d6 1-0

[Event "BIH-ch-T"]
[Site "Sarajevo"]
[Date "2013.06.23"]
[Round "9.2"]
[White "Indjic, Aleksandar"]
[Black "Sedlak, Nikola"]
[Result "1/2-1/2"]
[WhiteElo "2536"]
[BlackElo "2571"]
[PlyCount "200"]
[EventDate "2013.06.15"]

1. d4 Nf6 2. c4 g6 3. Nc3 Bg7 4. e4 d6 5. f4 O-O 6. Nf3 Na6 7. Bd3 e5 8. fxe5
dxe5 9. d5 Ne8 10. Be3 c5 11. Qe2 Nd6 12. O-O-O Bd7 13. Rdg1 Qa5 14. g4 Nb4 15.
Bb1 b5 16. Nd2 Rfc8 17. a3 Na6 18. cxb5 Nxb5 19. Nc4 Nxc3 20. Qd2 Qd8 21. Qxc3
Nc7 22. Qa5 Bb5 23. Bd3 Rab8 24. Rf1 Qd7 25. Qd2 Ne8 26. h3 Bxc4 27. Bxc4 Nd6
28. Qc2 Rb6 29. Rh2 Rcb8 30. Qd3 Qa4 31. Rc2 Rxb2 32. Rxb2 Rxb2 33. Kxb2 Nxc4+
34. Ka1 Nxa3 35. Bc1 Nb5+ 36. Kb1 Qb4+ 37. Ka1 Nc3 38. Rf3 Nxe4 39. Qb1 Nd2 40.
Qxb4 cxb4 41. Rf2 e4+ 42. Bb2 e3 43. Re2 Bxb2+ 44. Kxb2 f5 45. gxf5 gxf5 46. d6
Nc4+ 47. Kb3 Nxd6 48. Rxe3 a5 49. Re5 f4 50. Rg5+ Kf7 51. Rg4 h5 52. Rxf4+ Kg6
53. Ka4 Kg5 54. Rd4 Nf5 55. Rd5 Kf4 56. Rxa5 h4 57. Kxb4 Ne3 58. Kc3 Kg3 59.
Ra3 Kg2 60. Kd3 Nd1 61. Ke4 Nf2+ 62. Kf4 Nxh3+ 63. Kg4 Ng1 64. Kxh4 Ne2 65. Kg4
Kf2 66. Rf3+ Ke1 67. Rf8 Kd2 68. Kf3 Nc3 69. Rd8+ Kc2 70. Ke3 Kb3 71. Kd4 Nb5+
72. Kc5 Nc3 73. Rd3 Kc2 74. Kc4 Ne4 75. Kd4 Nf2 76. Rf3 Nd1 77. Rh3 Nb2 78. Ra3
Kd2 79. Rg3 Kc2 80. Rg1 Kb3 81. Rc1 Na4 82. Rc8 Nb2 83. Rb8+ Kc2 84. Rb7 Nd1
85. Rb5 Kd2 86. Rc5 Nf2 87. Ra5 Ke2 88. Ra3 Ng4 89. Rg3 Nf2 90. Re3+ Kd2 91.
Re8 Nd3 92. Rd8 Nf2 93. Rg8 Ke2 94. Rg3 Nd1 95. Rh3 Nf2 96. Rg3 Nd1 97. Rg2+
Nf2 98. Rg8 Kd2 99. Rg2 Ke2 100. Rxf2+ Kxf2 1/2-1/2

[Event "BIH-ch-T"]
[Site "Sarajevo"]
[Date "2013.06.23"]
[Round "9.2"]
[White "Popovic, Dusan"]
[Black "Nestorovic, Nikola"]
[Result "1-0"]
[WhiteElo "2562"]
[BlackElo "2405"]
[PlyCount "87"]
[EventDate "2013.06.15"]

1. e4 e5 2. Nf3 Nc6 3. Bb5 Nf6 4. d3 d6 5. c3 Be7 6. O-O O-O 7. Re1 Bg4 8. Nbd2
Nd7 9. h3 Bh5 10. Nf1 a6 11. Ba4 Nc5 12. Bc2 Ne6 13. Ng3 Bg6 14. Nf5 Bf6 15.
Ne3 Nf4 16. Ng4 Bg5 17. d4 Re8 18. dxe5 Nxe5 19. h4 Bf6 20. Nfxe5 dxe5 21.
Nxf6+ Qxf6 22. Bxf4 Qxf4 23. g3 Qh6 24. Qd7 Rac8 25. Rad1 Kh8 26. Rd5 f6 27.
Red1 Kg8 28. Bb3 Kf8 29. Qa4 Bf7 30. Rd7 Bxb3 31. Qxb3 Qg6 32. Qxb7 Rb8 33.
Qxc7 h5 34. b3 Kg8 35. Qc4+ Kh8 36. Qf7 Qg4 37. c4 a5 38. c5 Rec8 39. Qc4 Ra8
40. a3 f5 41. exf5 Qxc4 42. bxc4 Rf8 43. c6 Rxf5 44. c7 1-0

[Event "BIH-ch-T"]
[Site "Sarajevo"]
[Date "2013.06.23"]
[Round "9.2"]
[White "Burovic, Ismet"]
[Black "Jakovljevic, Vlado"]
[Result "1/2-1/2"]
[WhiteElo "2351"]
[BlackElo "2440"]
[PlyCount "134"]
[EventDate "2013.06.15"]

1. e4 c5 2. d3 Nc6 3. f4 g6 4. Nf3 Bg7 5. g3 d6 6. Bg2 e6 7. O-O Nge7 8. c3 O-O
9. Be3 b6 10. Na3 Qd7 11. Bf2 Ba6 12. Re1 Rac8 13. Nc2 e5 14. Ne3 exf4 15. gxf4
Rce8 16. a3 Bb7 17. Qb3 Kh8 18. Ng5 Nd8 19. Rad1 f5 20. Bg3 h6 21. Nh3 Bc6 22.
Qc4 Bb5 23. Qa2 Bc6 24. Rd2 Bb7 25. a4 Bc6 26. a5 Nb7 27. axb6 axb6 28. Rde2
Nd8 29. Qb3 b5 30. Nf2 Nb7 31. Bh3 Qc7 32. Bg2 Na5 33. Qc2 c4 34. exf5 Nxf5 35.
Nxf5 Rxe2 36. Qxe2 gxf5 37. Qe7 Qxe7 38. Rxe7 Re8 39. Rxe8+ Bxe8 40. d4 Bc6 41.
Bh3 Bd7 42. Ne4 Nb7 43. Bh4 Kh7 44. Be7 Kg6 45. Nxd6 Nxd6 46. Bxd6 Bc6 47. Bg2
Bxg2 48. Kxg2 Kf7 49. d5 Bf6 50. Kf3 Bd8 51. Bc5 h5 52. Ke3 Ke8 53. Bd6 Bb6+
54. Kd2 Kd7 55. Be5 Bg1 56. h3 Bc5 57. Kc2 Ke7 58. b3 Kd7 59. bxc4 bxc4 60. Kd2
Be7 61. Ke3 Bc5+ 62. Bd4 Be7 63. Be5 Bc5+ 64. Kf3 Be7 65. Kg3 Bd8 66. Kf3 Be7
67. Ke3 Bc5+ 1/2-1/2

[Event "BIH-ch-T"]
[Site "Sarajevo"]
[Date "2013.06.23"]
[Round "9.2"]
[White "Goric, Esad"]
[Black "Mrndjic, Muamer"]
[Result "1/2-1/2"]
[WhiteElo "2321"]
[BlackElo "2279"]
[PlyCount "66"]
[EventDate "2013.06.15"]

1. Nf3 g6 2. c4 Bg7 3. g3 d6 4. Bg2 c6 5. O-O Nf6 6. Nc3 O-O 7. d3 e5 8. a3 a5
9. Rb1 Na6 10. b4 axb4 11. axb4 Re8 12. b5 Nc5 13. Nd2 d5 14. Nb3 Ne6 15. Nd2
Nc7 16. bxc6 bxc6 17. Na4 Bf5 18. cxd5 cxd5 19. Nf3 Rb8 20. Rxb8 Qxb8 21. d4 e4
22. Nh4 Bd7 23. Nc5 Bb5 24. Re1 Ne6 25. Nxe6 Rxe6 26. Bh3 Rc6 27. Bf4 Qa7 28.
Qb1 Rb6 29. Qc1 Rc6 30. Qb1 Rb6 31. Qc1 Rc6 32. Qb1 Rb6 33. Qc1 Rc6 1/2-1/2

[Event "BIH-ch-T"]
[Site "Sarajevo"]
[Date "2013.06.23"]
[Round "9.2"]
[White "Bandic, Adnan"]
[Black "Stojanovic, Dobrisav"]
[Result "1/2-1/2"]
[WhiteElo "2243"]
[BlackElo "2361"]
[PlyCount "142"]
[EventDate "2013.06.15"]

1. e4 e5 2. Nf3 Nc6 3. Bc4 Nf6 4. d3 Be7 5. a3 O-O 6. Nc3 d6 7. Ng5 Nd4 8. Ne2
d5 9. exd5 Nxd5 10. Ne4 Bg4 11. f3 Bh4+ 12. N2g3 Be6 13. O-O f5 14. Nc5 Bc8 15.
Ne2 Kh8 16. Nxd4 exd4 17. f4 Qd6 18. b4 a5 19. Qf3 Ne3 20. Bxe3 dxe3 21. c3
Bf2+ 22. Kh1 axb4 23. axb4 Rxa1 24. Rxa1 c6 25. d4 b6 26. Nd3 Be6 27. Bxe6 Qxe6
28. Nxf2 exf2 29. Qxf2 Re8 30. h3 h6 31. Qf3 Qc4 32. Kh2 Re6 33. Ra8+ Kh7 34.
Rf8 g6 35. Rf7+ Kg8 36. Rd7 Re4 37. Rb7 b5 38. Rc7 Qe6 39. Ra7 Qd6 40. Ra2 g5
41. Qg3 Rxf4 42. Rf2 Kf7 43. Rxf4 gxf4 44. Qf3 Kf6 45. Kg1 Kg5 46. Kf2 Kh4 47.
Qe2 Qd5 48. Qe7+ Kh5 49. Qe2+ Kg6 50. Qe8+ Kg5 51. Qe7+ Kg6 52. Qe8+ Kg5 53.
Qe5 Qe4 54. Qg7+ Kh5 55. Qe5 Kg5 56. Kg1 Qb1+ 57. Kh2 Qe4 58. Qg7+ Kh5 59. Qf7+
Kg5 60. h4+ Kxh4 61. Qg6 Qe1 62. Qxh6+ Kg4 63. Qg6+ Kh4 64. Qh6+ Kg4 65. Qg7+
Kh4 66. Qe5 Qf2 67. Qh8+ Kg5 68. Qg7+ Kh5 69. Qh7+ Kg5 70. Qe7+ Kh5 71. Qg7
Qh4+ 1/2-1/2

[Event "BIH-ch-T"]
[Site "Sarajevo"]
[Date "2013.06.23"]
[Round "9.2"]
[White "Narancic, Vlado"]
[Black "Hadzovic, Amir"]
[Result "1-0"]
[WhiteElo "2329"]
[BlackElo "2212"]
[PlyCount "87"]
[EventDate "2013.06.15"]

1. e4 e5 2. Nf3 Nc6 3. Bb5 a6 4. Ba4 Nge7 5. c3 d6 6. d4 exd4 7. cxd4 b5 8. Bb3
Na5 9. Bc2 g6 10. Bd2 Nc4 11. Bc3 d5 12. b3 Nd6 13. e5 Ndf5 14. Nbd2 Bg7 15.
O-O a5 16. Bd3 c6 17. Re1 O-O 18. Nf1 b4 19. Bd2 Qb6 20. Bg5 Re8 21. Bc2 Kh8
22. g4 Nh6 23. h3 Nhg8 24. Qd2 Be6 25. Rac1 Rac8 26. Bb1 Rc7 27. Ng3 a4 28. Ne2
Ra8 29. Be3 axb3 30. axb3 Ra3 31. Bc2 f6 32. Nf4 Bf7 33. Nd3 Rb7 34. Bf4 fxe5
35. Bxe5 Nf6 36. Qf4 Neg8 37. Nc5 Rba7 38. Ng5 h6 39. Nxf7+ Rxf7 40. Bxg6 Rfa7
41. g5 hxg5 42. Qxg5 Nh7 43. Bxh7 Kxh7 44. Qf5+ 1-0

[Event "BIH-ch-T"]
[Site "Sarajevo"]
[Date "2013.06.23"]
[Round "9.3"]
[White "Miladinovic, Igor"]
[Black "Palac, Mladen"]
[Result "1/2-1/2"]
[WhiteElo "2556"]
[BlackElo "2560"]
[PlyCount "20"]
[EventDate "2013.06.15"]

1. d4 d5 2. Bf4 Nf6 3. e3 e6 4. Bd3 c5 5. dxc5 Bxc5 6. a3 O-O 7. Nf3 Nc6 8. Nc3
b6 9. O-O Bb7 10. Qe2 Nd7 1/2-1/2

[Event "BIH-ch-T"]
[Site "Sarajevo"]
[Date "2013.06.23"]
[Round "9.3"]
[White "Pikula, Dejan"]
[Black "Dizdarevic, Emir"]
[Result "1-0"]
[WhiteElo "2482"]
[BlackElo "2515"]
[PlyCount "109"]
[EventDate "2013.06.15"]

1. e4 c6 2. d4 d5 3. Nc3 h6 4. Nf3 Bg4 5. Be2 Bxf3 6. Bxf3 e6 7. O-O Nf6 8. Be3
dxe4 9. Nxe4 Nxe4 10. Bxe4 Nd7 11. c4 Nf6 12. Bf3 Bd6 13. g3 Qd7 14. a3 a5 15.
b4 O-O 16. Rb1 axb4 17. axb4 Rfd8 18. b5 Be7 19. bxc6 bxc6 20. Rb6 Rac8 21. Qb3
Qe8 22. Rc1 Rc7 23. Ra1 g5 24. Rb7 Rxb7 25. Qxb7 Rb8 26. Qxc6 Qxc6 27. Bxc6 Ng4
28. Bf3 Nxe3 29. fxe3 Rb4 30. Kf2 Rb2+ 31. Kf1 g4 32. Bxg4 Rxh2 33. Ra8+ Kg7
34. Ra7 Kf8 35. c5 Rc2 36. Ra3 e5 37. Bf5 Rc1+ 38. Ke2 exd4 39. exd4 h5 40. Kd2
Bg5+ 41. Kd3 h4 42. gxh4 Bxh4 43. Ra8+ Kg7 44. Ra7 Kf8 45. Bg4 Be7 46. Rc7 Rg1
47. Rc8+ Kg7 48. Bf3 Rc1 49. Rc7 Kf8 50. c6 Rf1 51. Bg4 f5 52. Bh5 f4 53. Rc8+
Kg7 54. Re8 Bd6 55. Rd8 1-0

[Event "BIH-ch-T"]
[Site "Sarajevo"]
[Date "2013.06.23"]
[Round "9.3"]
[White "Kurajica, Bojan"]
[Black "Marjanovic, Dejan"]
[Result "1/2-1/2"]
[WhiteElo "2513"]
[BlackElo "2211"]
[PlyCount "111"]
[EventDate "2013.06.15"]

1. Nf3 Nf6 2. d4 g6 3. g3 Bg7 4. c4 O-O 5. Bg2 d6 6. O-O Nbd7 7. Nc3 e5 8. Qc2
c6 9. Rd1 Qe7 10. b3 Re8 11. e4 exd4 12. Nxd4 Nc5 13. f3 a5 14. Rb1 Nfd7 15.
Nce2 Ne5 16. Bb2 a4 17. Bc3 axb3 18. axb3 Ne6 19. Nxe6 Bxe6 20. f4 Ng4 21. Bxg7
Kxg7 22. h3 Nh6 23. Nd4 f5 24. Nxe6+ Qxe6 25. Qc3+ Kg8 26. Rd4 fxe4 27. Rxe4
Qf7 28. Rbe1 Rxe4 29. Rxe4 Re8 30. Rxe8+ Qxe8 31. b4 Nf5 32. b5 Qe2 33. bxc6
bxc6 34. Bf3 Nxg3 35. Bg2 Nh5 36. Bxc6 Nxf4 37. Bb7 Qe7 38. Qf3 Nxh3+ 39. Qxh3
Qxb7 40. Qe6+ Qf7 41. Qxd6 Qxc4 42. Qb8+ Kg7 43. Qb2+ Kf7 44. Qb7+ Kg8 45. Qb8+
Kg7 46. Qb2+ Kh6 47. Qh2+ Kg5 48. Qxh7 Qg4+ 49. Kf1 Qf3+ 50. Kg1 Qe3+ 51. Kf1
Qd3+ 52. Kf2 Kg4 53. Qe7 Qd4+ 54. Kg2 Qd5+ 55. Kf1 Kg3 56. Qe1+ 1/2-1/2